Cashvertising : Sáng tạo nội dung bán bất cứ thứ gì cho bất kỳ ai
Nội dung sách trình bày các nguyên tắc và kỹ thuật khi sáng tạo nội dung quảng cáo: 17 nguyên tắc nền tảng của tâm lý học tiêu dùng, 41 kỹ thuật bán bất cứ thứ gì cho bất kỳ ai, 101 cách tăng cường lượng phản hồi quảng cáo thật đơn giản....
Na minha lista:
| Autor principal: | |
|---|---|
| Outros Autores: | |
| Formato: | Livro |
| Idioma: | Vietnamese |
| Publicado em: |
H.
Dân trí
2023
|
| Assuntos: | |
| Tags: |
Adicionar Tag
Sem tags, seja o primeiro a adicionar uma tag!
|
| Thư viện lưu trữ: | Thư viện Trường Đại học Nam Cần Thơ |
|---|
| LEADER | 01548nam a22002297a 4500 | ||
|---|---|---|---|
| 001 | NCT_4_016265 | ||
| 008 | 250116b xxu||||| |||| 00| 0 vie d | ||
| 999 | |c 8776 |d 8776 | ||
| 020 | |a 9786043146554 |c 235000 | ||
| 082 | 0 | 4 | |2 23rd ed. |a 659.1019 |b W614 |
| 100 | 1 | |a Whitman, Drew Eric | |
| 245 | 1 | 0 | |a Cashvertising : |b Sáng tạo nội dung bán bất cứ thứ gì cho bất kỳ ai |c Drew Eric Whitman ; Nguyễn Hữu Nam (Dịch) |
| 260 | |a H. |b Dân trí |c 2023 | ||
| 300 | |a 327 tr. |b Minh hoạ |c 21 cm | ||
| 520 | 3 | |a Nội dung sách trình bày các nguyên tắc và kỹ thuật khi sáng tạo nội dung quảng cáo: 17 nguyên tắc nền tảng của tâm lý học tiêu dùng, 41 kỹ thuật bán bất cứ thứ gì cho bất kỳ ai, 101 cách tăng cường lượng phản hồi quảng cáo thật đơn giản. | |
| 653 | |a Truyền thông đa phương tiện | ||
| 700 | 1 | |a Nguyễn Hữu Nam |e Dịch | |
| 942 | |2 ddc |c BK | ||
| 952 | |0 0 |1 0 |2 ddc |4 0 |6 659_101900000000000_W614 |7 0 |9 30159 |a 000001 |b 000001 |d 2025-01-17 |o 659.1019 W614 |p MD.23369 |r 2025-01-17 |v 235000.00 |w 2025-01-17 |y BK | ||
| 952 | |0 0 |1 0 |2 ddc |4 0 |6 659_101900000000000_W614 |7 0 |9 30160 |a 000001 |b 000001 |d 2025-01-17 |o 659.1019 W614 |p MD.23370 |r 2025-01-17 |v 235000.00 |w 2025-01-17 |y BK | ||
| 952 | |0 0 |1 0 |2 ddc |4 0 |6 659_101900000000000_W614 |7 0 |9 30161 |a 000001 |b 000001 |d 2025-01-17 |o 659.1019 W614 |p MD.23371 |r 2025-01-17 |v 235000.00 |w 2025-01-17 |y BK | ||
| 980 | |a Thư viện Trường Đại học Nam Cần Thơ | ||


